000 005470000a22001810004500
003 MACL
005 20160522170216.0
008 160522b xxu||||| |||| 00| 0 eng d
040 _aMACL
_cMACL
041 _aHindi
082 _a891.433
100 _aआनंद, मुल्‍कराज
_958989
245 _aएक सूरमा की मौत
_cमुल्‍कराज आनंद
260 _bसारांश
_c1995
_aदिल्‍ली
350 _a80
650 _aNovel
_958990
942 _cHIN
_k891.433/ANA/N
_2ddc
999 _c19438
_d19438